000 01196nam a2200337 i 4500
001 13551
003 KOSZ 005
005 20200410192423.0
008 071203s1971 pl a f 001 0 pol
015 _aPB 1971/4438
035 _a(OCoLC)749960412
040 _aWA N
_cWA N
_dKOSZ 005/KK
080 _a621.313:538
100 1 _aDąbrowski, Mirosław
_d(1926-2013)
_eAutor
245 1 0 _aPola i obwody magnetyczne maszyn elektrycznych /
_cMirosław Dąbrowski.
260 _aWarszawa :
_bWydawnictwa Naukowo-Techniczne,
_cdr. 1971.
300 _a353, [3] strony :
_bilustracje ;
_c23 cm.
336 _2rdacontent
_aTekst
_btxt
337 _2rdamedia
_aBez urządzenia pośredniczącego
_bn
338 _2rdacarrier
_aWolumin
_bnc
380 _aKsiążki.
504 _aBibliografia na stronach 339-345. Indeks.
658 _aMatematyka
658 _aFizyka i astronomia
658 _aInżynieria i technika
650 4 _aMaszyny elektryczne
650 4 _aPole magnetyczne
710 2 _aWydawnictwa Naukowo-Techniczne
_4pbl.
856 _uhttp://koha.tu.koszalin.pl/cgi-bin/koha/opac-detail.pl?biblionumber=13551
_yKatalog online BPK
942 _2UKD
_cKS
999 _c13551
_d13551